Statistics for European communist countries in the cold war

Click here to take the quiz!

General Stats

  • This quiz has been taken 146 times
  • The average score is 9 of 11

Answer Stats

Countries% Correct
Yugoslavia
93%
Bulgaria
92%
Poland
92%
Czechoslovakia
90%
Romania
90%
Hungary
88%
Albania
87%
East Germany
86%
Soviet Union
63%
Belarus
45%
Ukraine
45%

Score Distribution

Percentile by Number Answered

Percent of People with Each Score

Your Score History

You have not taken this quiz